| 000 | 00617nam a2200217 a 4500 | ||
|---|---|---|---|
| 005 | 20140310183159.0 | ||
| 008 | 101019s19uu xx 00 eng d | ||
| 020 | _a98114119202 | ||
| 050 |
_aRT 41 _b.K72 2002 |
||
| 100 | _aKozier, Barbara | ||
| 245 |
_aFundamentals of Nursing : _bconcepts, process and practices / _cBarbara Kozier ... [et al.]. |
||
| 260 |
_aQuezon City : _bC&E Pub., Inc, _c2002. |
||
| 300 |
_a1517 p. : _bill. ; _c26 cm. |
||
| 521 | _aNUR | ||
| 650 |
_aNursing _2nature. |
||
| 650 |
_aAssessment _2nursing. |
||
| 942 |
_cBK _2lcc _kFOR |
||
| 999 |
_c19822 _d19822 |
||